V censo nacional agropecuario: año agrícola 1975-1976. X Región de Los Lagos
Guardado en:
| Autor Corporativo: | |
|---|---|
| Formato: | Libro |
| Lenguaje: | español |
| Publicado: |
Santiago
Ministerio de Economía, Fomento y Reconstrucción
1981
Santiago INE 1981 |
| Materias: | |
| Etiquetas: |
Agregar Etiqueta
Sin Etiquetas, Sea el primero en etiquetar este registro!
|
MARC
| LEADER | 00000nam a2200000 a 4500 | ||
|---|---|---|---|
| 001 | UCK1395 | ||
| 003 | CL-VaPUC | ||
| 008 | 041112e19810000cl |||||||||||||||||spa|d | ||
| 082 | 0 | 4 | |a 630.201 |b MIN |2 21 |
| 110 | 2 | |a Ministerio de Economía, Fomento y Reconstrucción |e author |9 489194 | |
| 245 | 1 | 0 | |a V censo nacional agropecuario: año agrícola 1975-1976. X Región de Los Lagos |
| 300 | |a 179 p | ||
| 942 | |c BK | ||
| 945 | |d 20041112 00:00:00 |a cmena | ||
| 260 | |a Santiago |b Ministerio de Economía, Fomento y Reconstrucción |c 1981 | ||
| 260 | |a Santiago |b INE |c 1981 | ||
| 650 | 0 | |a Agricultura |9 255598 | |
| 650 | 0 | |a Producción agrícola |9 353481 | |
| 650 | 0 | |a Estadísticas |9 258644 | |
| 651 | 7 | |a REGION DE LOS LAGOS |2 CL-VaPUC |9 487806 | |
| 583 | |a last modification |c 20171123 01:11:16 |k Rodrigo Vera | ||
| 999 | |c 311365 |d 311363 | ||
| 952 | |0 0 |1 0 |4 0 |6 630_201000000000000_MIN_1981_1981 |7 0 |8 X |9 380744 |a BIBING |b BIBING |d 2019-11-21 |i 4075587 |o 630.201 MIN 1981 1981 |p 4075587 |r 2025-01-20 |w 2019-11-21 |y BK_X |k GEO | ||